000 00586nam a2200181Ia 4500
008 151202s9999||||xx |||||||||||||| ||und||
082 _bPNVM-35129
100 _aपरांजपे गो.रा.
245 _aस्वस्थवृत्त.
260 _b"मित्तल प्रकाशन,पुणे."
260 _c1982
300 _a336
600 _aपरांजपे गो.रा.
630 _aस्वस्थवृत्त.
700 _aपरांजपे गो.रा.
730 _aस्वस्थवृत्त.
942 _cBOOK
999 _c1301085
_d1301082